Accountable government in Africa :perspectives from public law and political studies (Record no. 741919)

MARC details
000 -LEADER
fixed length control field 00817cam a22002418a 4500
003 - CONTROL NUMBER IDENTIFIER
control field OCoLC
005 - DATE AND TIME OF LATEST TRANSACTION
control field 20260602111141.0
008 - FIXED-LENGTH DATA ELEMENTS--GENERAL INFORMATION
fixed length control field 110928s2012 nyu b 001 0 eng c
020 ## - INTERNATIONAL STANDARD BOOK NUMBER
International Standard Book Number 9781919895376 (pbk)
040 ## - CATALOGING SOURCE
Transcribing agency MPL
Original cataloging agency 3228
Description conventions Resource Description and Access
082 #0 - DEWEY DECIMAL CLASSIFICATION NUMBER
Classification number 352.35096 ACCO
245 00 - TITLE STATEMENT
Title Accountable government in Africa :perspectives from public law and political studies
250 ## - EDITION STATEMENT
Edition statement First edition
260 ## - PUBLICATION, DISTRIBUTION, ETC.
Place of publication, distribution, etc. New York :
Name of publisher, distributor, etc. United Nations University Press,
Date of publication, distribution, etc. 2012.
300 ## - PHYSICAL DESCRIPTION
Extent xvii, 302 pages,
Dimensions 23 cm.
504 ## - BIBLIOGRAPHY, ETC. NOTE
Bibliography, etc. note Includes bibliographical references and index.
521 ## - TARGET AUDIENCE NOTE
Target audience note Adults
650 #0 - SUBJECT ADDED ENTRY--TOPICAL TERM
Topical term or geographic name entry element Government accountability
Geographic subdivision Africa.
9 (RLIN) 174777
651 #0 - SUBJECT ADDED ENTRY--GEOGRAPHIC NAME
Geographic name Africa
General subdivision Politics and government
Chronological subdivision 1960-
9 (RLIN) 174778
700 1# - ADDED ENTRY--PERSONAL NAME
Personal name Chirwa, Danwood Mzikenge.
9 (RLIN) 174779
700 1# - ADDED ENTRY--PERSONAL NAME
Personal name Nijzink, Lia.
9 (RLIN) 87349
942 ## - ADDED ENTRY ELEMENTS
Source of classification or shelving scheme Dewey Decimal Classification
item type Book
-- 396
-- Zanele Zitha
Holdings
Withdrawn status Lost status Source of classification or shelving scheme Damaged status Not for loan Collection code Home library Current library Shelving location Date acquired Total Checkouts Full call number Barcode Date last seen Price effective from item type
    Dewey Decimal Classification     300: Social Science KWAMHLANGA REGIONAL LIBRARY KWAMHLANGA PUBLIC LIBRARY General Stacks 30.11.2022   352.35096 33228031054772 30.11.2022 30.11.2022 Book
    Dewey Decimal Classification     300: Social Science KWAMHLANGA REGIONAL LIBRARY KWAMHLANGA PUBLIC LIBRARY General Stacks 28.03.2023     33228031054770 28.03.2023 28.03.2023 Books
            Lebohang Lebohang   13.02.2023   352.35096 ACCO 67615 13.02.2023 13.02.2023 Books
    Dewey Decimal Classification       Sabie Public Library (Closed for renovations) Sabie Public Library (Closed for renovations) Non Fiction 10.10.2024   352.35096 ACCO 33228024712802 10.10.2024 10.10.2024 Book